| 000 | 01042cam a2200145ua 4500 | ||
|---|---|---|---|
| 041 |
_aeng _h |
||
| 082 |
_a721.013 _bIND/RE |
||
| 110 | 1 |
_aIndian standards institution . _bISI _c() |
|
| 245 |
_aRecommendation of co-ordination of dimensions in buildings - arrangement of building componentts and assemplies part-3 Functional group-3 internal sub division IS:7564-1974 / _cIndian standards institution. _hTextual Documents |
||
| 260 |
_aNew Delhi : _bIndian standards institution , _c1985. |
||
| 300 | _a8 ; . | ||
| 504 | _a | ||
| 942 | _cBK | ||
| 999 |
_c10612 _d10612 |
||